[Event "Poikovsky Karpov 04th"]
[Site "Poikovsky"]
[Date "2003.04.27"]
[Round "7"]
[White "Svidler, Peter"]
[Black "Pelletier, Yannick"]
[Result "1/2-1/2"]
[WhiteElo "2713"]
[BlackElo "2623"]
[Annotator "Pelletier,Y"]
[PlyCount "65"]
[EventDate "2003.04.20"]
[EventType "tourn"]
[EventRounds "9"]
[EventCountry "RUS"]
[EventCategory "16"]
[SourceTitle "CBM 095"]
[Source "ChessBase"]
[SourceDate "2003.07.25"]
[SourceVersion "1"]
[SourceVersionDate "2003.07.25"]
[SourceQuality "1"]

1. e4 e6 2. d4 d5 3. Nd2 c5 4. Ngf3 Nf6 5. exd5 exd5 6. Bb5+ Bd7 7. Bxd7+ Nbxd7
8. O-O Be7 9. dxc5 Nxc5 10. Re1 O-O 11. Nf1 Re8 12. Be3 Qc7 13. c3 (13. Bd4
Ncd7) 13... Ncd7 $1 {[%csl Rd5][%cal Ge8e4,Gd7b6] Vor einem Jahr habe ich in
derselben Variante gegen Michael Adams verloren. Dabei hatte ich diesen
anscheinend passiven Springerzug nicht gespielt, obwohl ich das Mannöver
früher mal zu Hause vorbereitet hatte. Nun verpasste ich die Chance nicht zum
zweiten Mal!} 14. Bd4 Bc5 {Der weisse Läufer steht sehr gut auf d4, da er auf
beiden Flügeln wirkt.} 15. Ne3 {Der Turmtausch auf e8 vor diesem Zug kam
ebenfalls in Frage.} Re4 $1 {In dieser Variante besetzt normalerweise ein
schwarzer Springer dieses starke Feld. Die Idee von Nbd7 ist, den zentralen
Stützpunkt mit einem Turm zu kontrollieren.} 16. Bxc5 (16. Ng5 Re7 {bringt
nichts ein, während}) (16. Bxf6 Nxf6 17. Nxd5 {wegen dem taktischen Schlag}
Bxf2+ 18. Kxf2 Qc5+ 19. Kg3 Qd6+ 20. Kf2 Qc5+ 21. Kg3 $11 {ebenfalls nichts
taugt.}) 16... Qxc5 17. Nd2 {Von nun an verpasste ich mehrere Züge, die den
klaren Ausgleich sicherten.} Re5 (17... Re7 $142 {[%cal Ye7a7]}) 18. Qb3 Nb6 (
18... Rae8 $142 19. Qxb7 $140 (19. Nf3 R5e6) 19... Rb8 20. Qa6 Rxb2) 19. a4
Rae8 20. Nf3 R5e7 $6 ({Nach} 20... Re4 21. a5 (21. Qb5 Nxa4 22. Nd4 Qxb5 23.
Nxb5 R8e6 24. b3 a6 25. bxa4 axb5 26. axb5 g6 $11) 21... Nc4 22. Nxc4 Rxe1+ 23.
Rxe1 Rxe1+ 24. Nxe1 Qxc4 $11 25. Qxb7 $2 {übersah ich} Qe2 $1 {[%csl Rg1]}) 21.
Qb5 Qc6 (21... Qc8 22. Red1) 22. Red1 (22. Nd4 Qc8) 22... a6 (22... Re4 23.
Qxc6 bxc6 24. a5 Nc4 25. Nxc4 Rxc4 26. Nd4 $11) 23. Qxc6 bxc6 24. a5 Nc8 25. c4
$6 ({Nach dieser Vereifachung muss Schwarz nur noch einige genaue Züge finden.
Mittels} 25. Nd4 Na7 26. b4 (26. Nb3 Ne4 {[%csl Rc5]}) 26... Ne4 27. Rd3 {
konnte Weiss etwas Druck ausüben.}) 25... Rb7 26. cxd5 cxd5 27. Nxd5 Nxd5 28.
Rxd5 Rxb2 29. Re1 Kf8 30. Rc1 Ne7 31. Rdc5 (31. Rd6 Rc8 $1 32. Ne1 $1 Ra8 $11 {
[%csl Ra5] /\ Rb5}) 31... Reb8 32. g3 (32. Ne5 R8b5) 32... Rb1 33. Rxb1 1/2-1/2

[Event "Reykjavik zt 1.3"]
[Site "Reykjavik"]
[Date "2000.09.05"]
[Round "1.1"]
[White "Hansen, Curt"]
[Black "Brynell, Stellan"]
[Result "1-0"]
[WhiteElo "2613"]
[BlackElo "2484"]
[Annotator "Psakhis,L"]
[PlyCount "81"]
[EventDate "2000.09.05"]
[EventType "k.o."]
[EventRounds "3"]
[EventCountry "ISL"]
[SourceTitle "CBM 079"]
[Source "ChessBase"]
[SourceDate "2000.11.21"]
[SourceVersion "1"]
[SourceVersionDate "2000.11.21"]
[SourceQuality "1"]

1. e4 e6 2. d4 d5 3. Nd2 c5 4. Ngf3 Nf6 5. exd5 exd5 6. Bb5+ Bd7 7. Bxd7+ Nbxd7
8. O-O Be7 9. dxc5 Nxc5 10. Nb3 Nce4 11. Nfd4 Qd7 12. f3 $5 {It looks that
this move promiced more for White that popular line -} (12. Qf3 {[%cal Gd4f5]}
O-O 13. Nf5 Bd8 14. Be3 Rc8 15. c3 g6 16. Ng3 Re8 17. Rfd1 Qb5 $1 {[%cal Gb5b2]
} 18. Ne2 a5 19. Ned4 Qd7 20. Nd2 Ng4 $36 {Berelovich,A-Goloshchapov,A/Moscow
75/(260) 1998/Inf 75 (23)}) 12... Nd6 13. Nc5 Qc8 ({White got small advantage
after} 13... Qc7 14. Nd3 O-O 15. Bf4 Qb6 16. Be3 Qd8 17. c3 Re8 18. Re1 a6 19.
Qb3 Qc7 20. Bf4 Qc4 21. Ne5 Qxb3 22. axb3 Nh5 23. Nd3 $14 {1/2-1/2 McShane,
L-Rozentalis,E/Hastings 1997 (43)}) 14. Nd3 O-O 15. b3 (15. Re1 Bd8 $1 {
[%cal Gd8b6]} 16. Be3 Bb6 17. c3 Re8 18. Bf2 Rxe1+ 19. Qxe1 Qd7 20. Qd2 Nc4 21.
Qc2 Re8 22. Re1 Rxe1+ 23. Nxe1 Qe8 $11 {1/2-1/2 Akopian,V-Vaganian,R/Wch
Groningen 1997 (31)}) 15... Nf5 16. Nxf5 Qxf5 17. Be3 $5 $146 {[%cal Gf2a7]
[%mdl 4] Possible improvment compare to} (17. Bb2 Nd7 18. g4 Qg5 19. f4 Qh4 20.
Qf3 Rac8 21. Qg2 Bf6 $11 {Nevostrujev,V-Nikolenko,O/RUS t-ch Smolensk 2000/ 1/
2-1/2 (49)}) 17... Rfe8 18. Qd2 a6 19. Rae1 Rac8 {[%cal Gc8c2]} 20. Rf2 {
[%cal Gf2e2]} Bd6 21. Rfe2 Nd7 {[%cal Gd7b8,Gb8c6,Gd7f8,Gf8e6]} 22. a4 h6 23.
Bf2 Rxe2 24. Rxe2 Nf8 {Knight went to the wrong direction. Much stronger was
another move with knight -} (24... Nb8 $142 $5 {[%cal Gb8c6] and I don;t see
how White can get real advantage, for example:} 25. Nb4 $140 Bxb4 26. Qxb4 Rxc2
27. Re8+ Kh7 28. Qxb7 (28. h3 Rc8) 28... Rc1+ 29. Be1 Nc6 $132) 25. Bg3 $1 $14
Bxg3 26. hxg3 {[%csl Rd5][%cal Gd3f4,Gd3b4]} Qg6 (26... Ne6 27. Qb4 $36) 27.
Qb4 Qc6 28. Nf4 (28. Ne5 Qc7 29. Qd4 Rd8 {[%cal Gf8e6]}) 28... Ne6 $6 {Somehow,
Brynell is not very lucky with knight manoeuvres in this game! After} (28...
Nh7 {[%cal Gh7f6]} 29. Re7 b6 30. Qd4 Nf6 $13 {it is very difficult to crack
black's defence.}) 29. Nxe6 fxe6 30. Qg4 {[%csl Re6]} Re8 (30... Qb6+ 31. Kh2
Rc6 32. a5 $5) 31. Qh5 Qd7 32. Qe5 Qf7 33. f4 {[%cal Rf4f5]} Rc8 $5 (33... Qf6
34. f5 Qxe5 35. Rxe5 Kf7 36. fxe6+ Kf6 $5 37. Rxd5 Kxe6 38. Rd4 $16 {[%cal
Gd4b4]}) (33... g6 34. g4) 34. g4 Rc6 35. f5 exf5 36. gxf5 Rf6 $2 {Final
mistake} (36... h5 $1 37. Qb8+ $140 Kh7 38. Re8 Qxf5 39. Rh8+ Kg6 40. Qe8+ Qf7)
37. Qb8+ Kh7 38. g4 {[%cal Re2e8]} h5 (38... g6 $142 $5 39. Qd8 Qg7 40. Re7 Rf7
41. Rxf7 Qxf7 42. f6 g5 43. Qc8 $16) 39. Re8 $18 Kh6 (39... g6 40. Qe5 Qg7 41.
Re7 Rf7 42. f6 Qf8 43. gxh5 $18) 40. g5+ $1 Kxg5 41. Qg3+ 1-0

[Event "Flamenco Veterans-Women"]
[Site "Marbella"]
[Date "1999.10.24"]
[Round "4"]
[White "Xie, Jun"]
[Black "Kortschnoj, Viktor Lvovich"]
[Result "1-0"]
[WhiteElo "2528"]
[BlackElo "2676"]
[Annotator "Psakhis,L"]
[PlyCount "89"]
[EventDate "1999.10.21"]
[EventType "schev"]
[EventRounds "10"]
[EventCountry "ESP"]
[SourceTitle "CBM 074"]
[Source "ChessBase"]
[SourceDate "2000.02.01"]
[SourceVersion "1"]
[SourceVersionDate "2000.02.01"]
[SourceQuality "1"]

1. e4 e6 2. d4 d5 3. Nd2 c5 4. exd5 exd5 5. Bb5+ Bd7 6. Bxd7+ Qxd7 ({Usually
black choose in this position} 6... Nxd7 {but I afraid that after} 7. Ne2 Ngf6
8. O-O Bd6 9. dxc5 Nxc5 10. Nf3 O-O 11. Be3 {white chances are slightly better,
for example} Nce4 12. Bd4 Bc5 13. c3 Re8 14. Qc2 Bxd4 15. Nexd4 Qd7 16. Rad1 g6
17. Qc1 Kg7 18. Nc2 $14 {1/2-1/2 Zapata,A-Psakhis,L/Wch Las Vegas 1999 (40)})
7. Qe2+ $5 ({Black hasn,t any troubles after} 7. Ne2 c4 $1 8. O-O Bd6 9. b3
cxb3 10. axb3 Ne7 11. c4 O-O 12. Nf3 Nbc6 13. Nc3 Bb4 14. Qd3 Bxc3 15. Qxc3
Rfe8 16. b4 dxc4 17. b5 Nd8 18. Qxc4 Qd5 19. Qa4 Ne6 20. Re1 Ng6 21. Be3 a6 {
Zapata,A-Psakhis,L/Wch Las Vegas 25' 1999/1/2-1/2 (60)}) 7... Be7 8. dxc5 Nf6
9. Ngf3 $146 ({White can try to keep pawn c5, but without big success-} 9. Nb3
O-O 10. Be3 Na6 11. Nf3 Rfe8 12. O-O Nxc5 13. Bxc5 Bxc5 14. Nxc5 Qc6 15. Qd3
Qxc5 16. Rfe1 Re4 17. Nd2 Rxe1+ 18. Rxe1 Qb4 $11 {1/2-1/2 Xie,J-Kortchnoi,V/
Wenzhou m 1995 (25)}) 9... O-O 10. Nb3 Re8 11. O-O Na6 12. c6 $5 (12. Ne5 Qc7
13. c6 bxc6 14. Qxa6 Qxe5 15. Qxc6 Rac8 $36) 12... Qxc6 13. Nfd4 Qc7 14. Qf3
Bd6 {[%cal Gd6e5,Gf6e4]} 15. h3 Bh2+ 16. Kh1 Be5 17. c3 Nc5 $11 {It is easy to
see, that Black equlaized game- his pieces are active and white can,t organize
real preasure on isolated pawn.} 18. Nxc5 Qxc5 19. Be3 Qb6 20. Nb3 Qb5 21. Qd1
Ne4 22. a4 Qd7 23. Nc5 Qc6 24. Nd3 Bc7 25. Kg1 Rad8 26. Qb3 g5 $6 {Agressive,
ambitious, but surely not the best move- too many weaknesses black gets on the
king side.} (26... a6 $142 27. Rad1 b5 28. axb5 axb5 $11) 27. Rfe1 Qd6 28. f4
$1 Ng3 (28... b6 $142 $5) 29. Bc5 Qg6 (29... Qa6 $5) 30. Qxb7 Qxd3 31. Qxc7
Ne2+ 32. Rxe2 Qxe2 33. fxg5 $16 {[%csl Rg8][%cal Ga1f1]} a6 (33... Qxb2 34. Rf1
) 34. Rf1 Qe6 35. Rf6 Qe1+ 36. Kh2 Qe5+ 37. Qxe5 Rxe5 38. Rxa6 $18 {[%csl Ga4,
Gb2,Gc3,Gc5]} Rc8 39. b4 Rxg5 40. a5 f5 41. Re6 f4 42. a6 Kf7 43. Re7+ Kf6 44.
a7 d4 45. Rc7 (45. cxd4 $2 Rgxc5) 1-0

[Event "MK Cafe Cup-A"]
[Site "Koszalin"]
[Date "1999.08.04"]
[Round "2"]
[White "Blehm, Pawel"]
[Black "Antoniewski, Rafal"]
[Result "1/2-1/2"]
[WhiteElo "2479"]
[BlackElo "2417"]
[Annotator "Psakhis,L"]
[PlyCount "47"]
[EventDate "1999.08.03"]
[EventType "swiss"]
[EventRounds "9"]
[EventCountry "POL"]
[SourceTitle "CBM 073"]
[Source "ChessBase"]
[SourceDate "1999.12.01"]
[SourceVersion "1"]
[SourceVersionDate "1999.12.01"]
[SourceQuality "1"]

1. e4 e6 2. d4 d5 3. Nd2 c5 4. exd5 exd5 5. Ngf3 Nf6 6. Bb5+ Bd7 7. Bxd7+ Nbxd7
8. O-O Be7 9. dxc5 Nxc5 10. Nb3 Nce4 11. Nfd4 Qd7 12. Qf3 O-O 13. Nf5 Bd8 {
This variation became very popular for black mostly thank,s to efforts of
Bareev and Dokhoian.} 14. c3 ({White continued as usual here} 14. Be3 $5 g6 15.
Ng3 {but after for example} (15. Nh6+ $5) 15... Re8 {could,t get any advantage}
) 14... g6 15. Ng3 Re8 (15... a5 $5 16. Nd4 Re8 17. Bf4 b5 18. a3 Bb6 19. Qd3
Qg4 $132 {0-1 Perchman-Kaminski/Moscow olm 1994 (33)}) 16. Be3 a5 $1 {[%cal
Ga8a6,Ga6e6,Ga5a4,Ga4a3]} 17. Rfd1 ({After} 17. Nd4 Ra6 $1 18. Rad1 Ng4 {
black pieces are very active, White sac queen-} 19. Nc2 Rf6 $1 20. Qxe4 $5 Rxe4
21. Nxe4 Re6 22. Ng3 Bc7 $17 {1/2-1/2 Kotronias,V-Psakhis,L/Khalhidiki 1992 
(62) but Black,s advantage was obvious.}) 17... a4 18. Nd2 $1 {Only move} (18.
Nd4 a3 {leads to black,s favour.}) 18... Qb5 19. Rab1 Ra6 {[%cal Ga6e6]} 20.
Bd4 (20. c4 $2 Nxd2) 20... Ng5 (20... Rae6 $5) 21. Qf4 Ne6 22. Qf3 (22. Qe5
Nxd4 23. Qxd4 Rae6 $15) 22... Ng5 $6 ({Black decided to repeat moves, but easy
could continue game-} 22... Nxd4 23. cxd4 Rae6 $15 (23... Rc6 $5 $15)) 23. Qf4
Ne6 24. Qf3 1/2-1/2

[Event "EU-ch 6th"]
[Site "Warsaw"]
[Date "2005.06.22"]
[Round "5"]
[White "Iordachescu, Viorel"]
[Black "Iljushin, Alexei"]
[Result "0-1"]
[WhiteElo "2609"]
[BlackElo "2543"]
[Annotator "Psakhis,L"]
[PlyCount "92"]
[EventDate "2005.06.18"]
[EventType "swiss"]
[EventRounds "13"]
[EventCountry "POL"]
[SourceTitle "CBM 108"]
[Source "ChessBase"]
[SourceDate "2005.09.26"]
[SourceVersion "1"]
[SourceVersionDate "2005.09.26"]
[SourceQuality "1"]

1. e4 e6 2. d4 d5 3. Nd2 a6 4. Ngf3 c5 5. exd5 exd5 6. dxc5 Bxc5 7. Nb3 Bb6 {
Psakhis: 'I also like this move. Black keeps his bishop on the important
diagonal g1-a7 and is ready for active counterplay. Another options are'} (7...
Ba7) ({or} 7... Be7) {Psakhis: Big popularity got} 8. Qe2+ {Psakhis: 'in
modern practice but I think that Black has good chances for equality after for
example'} (8. Bd3 Qe7+ $5 9. Qe2 (9. Be2 Nf6 10. O-O O-O 11. Bg5 h6 12. Bh4 g5
13. Bg3 Ne4 14. Bxb8 Rxb8 15. c3 Be6 16. Nfd4 Qf6 17. Bd3 Rbe8 18. Bc2 Bc8 19.
Qd3 Qg7 20. Rad1 {1/2-1/2 Zatonskih,A-Kiriakov,P/Philadelphia World op 2003/})
9... Nc6 10. Bg5 (10. c3 Bg4 11. O-O Qxe2 12. Bxe2 Nf6 13. h3 Bh5 14. Bf4 h6
15. Rfe1 O-O-O 16. Ne5 Bxe2 17. Rxe2 Rhe8 18. Rae1 g5 19. Be3 Rxe5 20. Bxb6
Rde8 21. Be3 Nh5 22. Nc1 f5 23. Kf1 f4 {1/2-1/2 Hjartarson,J-Nikolic,P/
Qaqortoq Greenland op 2003/The Week in Chess 451 (48)}) 10... f6 (10... Qxe2+
11. Kxe2 Nge7 12. Rhe1 f6 13. Be3 Bxe3 14. Kxe3 Nb4 15. Nfd4 Nxd3 16. Kxd3 Kf7
17. Rad1 Ng6 18. c3 Nf4+ 19. Kd2 Nxg2 20. Rg1 Nf4 21. Ke3 g5 22. Kf3 Re8 {
0-1 Promyshliansky,V-Maleychik,A/UKR-ch B18 Dnepropetrovsk 2001/ChessBase (44)}
) 11. Bf4 Nb4 12. Nfd4 Nxd3+ 13. cxd3 Bg4 14. f3 Bd7 15. Bd6 Qxe2+ 16. Kxe2 Kf7
17. Rac1 Re8+ 18. Kd2 Ne7 19. Bc5 Bc7 20. g3 Rc8 21. Rhe1 Rhe8 {1/2-1/2 Van
der Wiel-Nikolic/Leeuwarden 1994/ChessBase (45)}) (8. Bg5 Nf6 (8... Ne7 9. Qd2
O-O 10. O-O-O Nbc6 11. h3 Re8 12. Be3 Bf5 13. Nfd4 Bg6 14. h4 Rc8 15. h5 Be4
16. f3 Nxd4 17. Nxd4 Bxd4 18. fxe4 Bxe3 19. Qxe3 Qc7 20. Bd3 Nf5 21. Qg5 Ng3
22. h6 Qe5 {0-1 De la Villa,J-Topalov,V/Palma op. 1992/ChessBase (55)}) 9. Qe2+
(9. Qd2 Qe7+ 10. Qe2 Be6 11. O-O-O h6 12. Be3 Qc7 13. Nfd4 O-O 14. f3 a5 15.
Nb5 Qd8 16. Nc5 Nbd7 17. Nxb7 Qb8 18. Bxb6 Nxb6 19. Nc5 Bf5 20. Qe3 Rc8 21. Rd2
Bg6 22. Qa3 Qf4 23. Nd4 Qd6 {Jaracz,P-Gurevich,M/Metz op 2002/ 1-0 (68)}) 9...
Be6 10. Nfd4 O-O $146 {This is an interesting novelty. Kovacevic sacrifices
pawn but gets advantage in development. I am not sure that Black is getting
full compensation for the pawn, but at least the game becomes very interesting!
} (10... Qe7 11. Nxe6 fxe6 12. g3 Qb4+ 13. c3 Qe4 14. Bg2 Qxe2+ 15. Kxe2 Nc6
16. Bxf6 gxf6 17. f4 f5 18. Rac1 $14 {Sermek,D-Dizdar,G/CRO t-ch Porec 1998/1/
2-1/2 (63)}) 11. Nxe6 fxe6 12. Qxe6+ Kh8 13. O-O-O ({Weaker is} 13. Be3 {
after for example} Re8 14. Qh3 Bxe3 15. fxe3 Qb6 16. O-O-O Nc6 $5 17. Nd4 Ne4
$44 {Black's pieces are very active.}) 13... Nc6 14. Bd3 (14. Bxf6 Rxf6 15.
Qxd5 Qxd5 16. Rxd5 Rxf2 $13) 14... Qc7 {[%cal Ga8e8,Gc6b4]} (14... Bxf2 15.
Rhf1 $36) 15. f3 (15. Kb1 $5 Rae8 $140 16. Qh3 Ne4 17. Bxe4 dxe4 18. Be3) 15...
a5 16. Bxf6 (16. a4 Rae8 17. Qh3 Be3+ 18. Bxe3 Rxe3 $44 {[%cal Gc6b4,Gc6e5]})
16... a4 17. Bc3 ({In case of} 17. Bd4 $5 Nxd4 (17... axb3 $2 18. Qh6 $1 Qf4+
19. Qxf4 Rxf4 20. Bxb6 bxa2 21. Kd2 $18) 18. Nxd4 Bxd4 19. Qxd5 Rad8 20. Qc4
Qb6 21. c3 a3 $5 {it is not so easy to evaluate this position despite Black's
material losses}) 17... axb3 18. Qh6 $1 Be3+ $1 (18... Qf4+ 19. Qxf4 Rxf4 20.
axb3 $18) 19. Qxe3 bxa2 20. Kd2 Qd6 $1 {[%cal Rd5d4]} 21. Qb6 $1 ({I think
that White correctly avoided the line} 21. Bxg7+ Kxg7 22. c3 Kh8 $5 23. Kc2 d4
$1 $36) 21... Qf4+ {Kovacevic plays his last trump ! After the normal} (21...
d4 22. Bxd4 Qxd4 23. Qxd4 Nxd4 24. Kc3 $16 {[%cal Gb2b3,Gc3b2] White would
keep a clear advantage.}) 22. Qe3 Qd6 23. Qb6 Qf4+ 24. Ke2 Rae8+ {The
strongest move is} 25. Kf2 $1 (25. Kf1 $2 {A terrible mistake!} d4 26. Be1 $4 {
A typical situation - one mistake often follows another !} Qe3 $1 $19 27. Bf2 (
27. Qb5 Rxf3+ 28. gxf3 Qxf3+ 29. Kg1 Qxd1 $19) 27... Rxf3 {0-1 Sermek,
D-Kovacevic,V/Salona 60' 2002/CBM 93/[Psakhis]} (27... Rxf3 28. gxf3 Qxf3 29.
Ra1 Qxh1+ $19)) 25... Qh4+ 26. Kf1 {with big advantage}) 8... Ne7 (8... Qe7 9.
Nfd4 $146 (9. Bg5 f6 10. Bf4 Nc6 11. O-O-O (11. Bd6 Qxe2+ 12. Bxe2 Nge7 13. Rd1
Bf5 14. c3 Bc2 15. Rd2 Bxb3 16. axb3 O-O-O 17. Bxe7 Nxe7 18. O-O Rd6 19. Rfd1
Rhd8 20. b4 Nc6 21. b5 axb5 22. Bxb5 Kc7 23. Kf1 g6 24. h3 Ba7 25. Ra1 Bb6 26.
Rad1 Ba7 27. Ra1 {1/2-1/2 Delgado,N-Kiriakov,P/Santo Domingo op 2003}) 11...
Qxe2 12. Bxe2 Nge7 $14) 9... Bg4 $1 (9... Nc6 10. Be3 $16) 10. f3 (10. Qxe7+
Nxe7 11. Be3 Nd7 $14) 10... Bd7 11. Bf4 Nc6 12. O-O-O Qxe2 13. Bxe2 Nge7 14.
Nxc6 $1 (14. Rhe1 Nxd4 15. Nxd4 O-O-O $11) 14... Bxc6 15. Bd3 (15. Nd4 Bd7 16.
Rhe1 O-O-O) 15... O-O 16. Rhe1 Rfe8 17. Be3 Bc7 (17... Bxe3+ 18. Rxe3 Ng6 19.
Rxe8+ Rxe8 20. Bxg6 hxg6 21. Nd4 $14) 18. g3 Ng6 (18... Bd7 19. Nc5) 19. f4 Nf8
(19... Bd7 $142 20. Bxg6 hxg6 21. Rxd5 Be6 22. Rd2 $14) 20. Bf5 Nd7 (20... Ne6)
21. Bd4 $1 {1-0 Adams,M-Gurevich,M/Deutschland 83/251 2001/ChessBase/[Adams,M]
(55)} (21. Bxd7 Bxd7 22. Rxd5 $14)) (8... Be6 9. Ng5 Qe7 10. Nxe6 fxe6 11. Be3
Nf6 12. g3 O-O 13. Bh3 Bxe3 14. Qxe3 e5 15. O-O Nc6 16. Rad1 Qf7 17. Bg2 Rad8
18. f4 Qh5 19. Bf3 Qh6 20. Qc5 exf4 21. gxf4 Qg6+ 22. Kh1 Ne4 23. Qe3 Rfe8 24.
Bg2 Nf6 25. Qd2 Qh5 26. Bf3 Qf5 27. Qg2 Ne4 28. Bg4 Qf7 29. Nd4 Rd6 30. f5 Nxd4
31. Rxd4 Rh6 32. Bf3 Qc7 {0-1 Kwiatkowski,F-Kiriakov,P/BCF t-ch2 0405 2005}) 9.
Be3 (9. Bg5 Nbc6 10. O-O-O O-O 11. Nfd4 Re8 12. Nxc6 bxc6 13. Qd2 a5 14. Nd4
Bd7 15. Kb1 a4 16. a3 Ba5 17. Qc1 Qb6 18. c4 c5 19. Nb5 f6 20. Be3 d4 $36 {
0-1 Anisimov,P-Potkin,V/Pardubice op-A 2005/ (51)}) 9... Nbc6 (9... Bg4 10.
Bxb6 Qxb6 11. h3 Bxf3 12. Qxf3 Nbc6 {1/2-1/2 Oral,T-Nikolic,P/Selfoss 2002/}) (
9... Bxe3 10. Qxe3 O-O 11. Be2 Nbc6 12. O-O Nf5 13. Qd2 Be6 14. Rad1 Qf6 15. c3
Rfd8 16. Nbd4 Nd6 17. Qg5 Qxg5 18. Nxg5 Bf5 19. Nxf5 Nxf5 20. Bd3 Nce7 21. Rfe1
h6 22. Nf3 Kf8 23. Re5 Ng6 24. Ree1 {1-0 Grigoriants,S-Eryomenko,V/Pardubice
KB op 2003}) 10. O-O-O O-O 11. h3 $146 {This move is not bad at all, but it
looks like White should play more energetically in order to reach a small
advantage.} (11. Bxb6 $5 Qxb6 12. Nfd4 Nf5 13. Qd2 (13. c3 $5) 13... Nd6 14.
Nxc6 bxc6 15. Qd4 Qc7 16. Bd3 a5 17. Nc5 a4 18. Nxa4 Be6 19. a3 Nb7 20. Nc3
Rfd8 21. Qh4 h6 22. f4 Nc5 23. Qf2 Qa7 24. Rd2 Rdb8 25. Nb1 Qb6 {Heim,S-Solem,
T/NOR t-ch Qualifier 2001/The Week in Chess 387/1/2-1/2 (45)}) 11... Bf5 12.
Bxb6 (12. Nfd4 Bg6 $13) 12... Qxb6 13. Nfd4 Be4 $5 (13... Bg6 14. Qe3 $5) 14.
f3 (14. Qe3 Rfe8 15. Nf5 Qb4 16. Nxe7+ Rxe7 17. Qc5 Qa4 $11) 14... Bg6 {
[%csl Gb6,Gg6] Black has solved all his opening problems and has rather easy
play here} 15. h4 $6 {And now Iordachescu starts to complicate the position at
his own risk.} (15. Qe3 $142 Rfe8 16. Re1 $5 {with more or less equal chances.}
) 15... Rac8 {[%csl Rc2][%cal Gc8c2,Gg6c2]} 16. Rd2 (16. h5 Nxd4 17. Nxd4 Nf5
$1 $36) 16... Nxd4 17. Nxd4 Nc6 $1 $17 18. Nxc6 $8 Rxc6 {Black's bishop on g6
severely hampers white's development and the coordination of the pieces.} 19.
Qf2 (19. h5 Bxc2 $1 20. Rxc2 Rfc8 21. Rxc6 Qxc6+ 22. Kd2 Qc2+ 23. Ke1 Qb1+ 24.
Kf2 Rc2 $19) (19. c3 $2 Rxc3+ $1) (19. Kb1 Rfc8 $19) (19. Qd1 Qe3 20. c3 Rb6 $1
$19 {[%cal Re3c3]}) 19... Re8 $1 {Possibly Iordachescu overlooked this simple
and strong move. Black gets a very strong attack.} 20. c4 (20. Qxb6 $2 Re1+ 21.
Rd1 Rxc2+) (20. b3 Qa5 21. Kb1 Rxc2 22. Rxc2 Rc8 $19) 20... Qc7 (20... Qb4 $5)
(20... Qa5 $5 21. h5 Bf5 22. g4 dxc4 $1 23. gxf5 $140 c3 $19) 21. Bd3 (21. Rd4
dxc4 (21... Qa5 $5)) 21... Rxc4+ $1 22. Kb1 (22. Bxc4 Qxc4+ 23. Rc2 Qxa2 $19)
22... Rc8 23. Qe1 Qb6 {This attractive move is actually an inaccuracy, which
allows White to simplify the position.} (23... Bxd3+ $142 $1 24. Rxd3 Rxh4 $1
$19 {wins at once!}) 24. Bxg6 (24. h5 Bxd3+ 25. Rxd3 Rc2 26. Qe5 Qc6) 24...
Qxg6+ 25. Ka1 h5 $19 26. a3 b5 (26... Qh6 $5 27. Qe2 d4) 27. Qd1 (27. Rxd5 Qxg2
(27... b4 $5) 28. Rxh5 Qxf3 $19) 27... b4 28. axb4 (28. a4 Qc6 29. b3 (29. Rxd5
b3 $1 30. Rd8+ Kh7 31. Qd3+ g6 $19) 29... Qf6+ 30. Ka2 Rc3 31. Re1 d4 $19 {
[%cal Gd4d3]}) 28... Rxb4 29. Rd4 (29. Rxd5 $2 Rc1+ $1) 29... Rb5 (29... Rxd4
$140 30. Qxd4 Qc2 31. Qxd5 Rc4 $19) 30. Rxd5 Qxg2 31. Rxb5 axb5 32. Rg1 Qf2 33.
Rg5 (33. Kb1 b4) 33... Qxh4 34. Rxb5 Qf4 (34... Re8 $142 $1 35. Ka2 Qc4+ 36.
Qb3 Ra8+ {with mate in a few moves.}) 35. Kb1 h4 36. Rd5 h3 37. Rd4 (37. Rd8+
Rxd8 38. Qxd8+ Kh7 39. Qd1 h2 $19) 37... Qf5+ 38. Qd3 Qxd3+ (38... Qg5 $5 {
[%cal Gg5c1,Gh3h2]}) 39. Rxd3 g5 40. Rd1 Kg7 41. Rh1 Rh8 42. Kc2 f5 43. Kd3 g4
44. fxg4 fxg4 45. Ke3 g3 46. Kf3 g2 (46... g2 47. Rg1 Kf6 $19) 0-1